[Event "eytcc"]
[Site "?"]
[Date "2017.08.18"]
[Round "2.11"]
[White "Kozusek, Daniel"]
[Black "Tuncer, Tuna"]
[Result "1-0"]
[BlackElo "2291"]
[WhiteElo "2296"]
[LiveChessVersion "1.4.4"]

1. c4 {[%clk 1:30:47]} c5 {[%clk 1:30:43]} 2. g3 {[%clk 1:29:24]} g6
{[%clk 1:30:57]} 3. Bg2 {[%clk 1:28:20]} Bg7 {[%clk 1:31:12]} 4. Nf3
{[%clk 1:28:27]} Nc6 {[%clk 1:31:20]} 5. O-O {[%clk 1:28:22]} e6 {[%clk 1:31:34]}
6. Nc3 {[%clk 1:27:34]} Nge7 {[%clk 1:31:49]} 7. d4 {[%clk 1:15:09]} Nxd4
{[%clk 1:16:08]} 8. Nxd4 {[%clk 1:12:21]} cxd4 {[%clk 1:15:34]} 9. Nb5
{[%clk 1:11:46]} Qb6 {[%clk 1:00:15]} 10. e3 {[%clk 1:06:44]} O-O
{[%clk 0:40:22]} 11. a4 {[%clk 0:48:20]} Nf5 {[%clk 0:33:44]} 12. a5
{[%clk 0:37:59]} Qc5 {[%clk 0:32:35]} 13. e4 {[%clk 0:37:34]} a6 {[%clk 0:24:00]}
14. b4 {[%clk 0:36:19]} Qxb4 {[%clk 0:19:13]} 15. Nc7 {[%clk 0:27:08]} Rb8
{[%clk 0:09:07]} 16. Ba3 {[%clk 0:23:16]} Qxa5 {[%clk 0:09:31]} 17. Bxf8
{[%clk 0:11:07]} Qxc7 {[%clk 0:09:55]} 18. Bxg7 {[%clk 0:11:27]} Nxg7
{[%clk 0:10:20]} 19. Qxd4 {[%clk 0:11:51]} e5 {[%clk 0:09:22]} 20. Qa7
{[%clk 0:09:12]} Ne6 {[%clk 0:08:06]} 21. Rfb1 {[%clk 0:06:36]} b6
{[%clk 0:04:45]} 22. Qxc7 Nxc7 {[%clk 0:05:14]} 23. Ra2 {[%clk 0:05:29]} Na8
{[%clk 0:03:07]} 24. f4 {[%clk 0:03:14]} Bb7 {[%clk 0:02:28]} 25. fxe5
{[%clk 0:01:50]} Kf8 {[%clk 0:01:19]} 26. Rd1 {[%clk 0:02:05]} Ke7
{[%clk 0:01:45]} 27. Rd6 {[%clk 0:02:07]} Bc8 {[%clk 0:00:37]} 28. Rf2
{[%clk 0:01:07]} Bb7 {[%clk 0:00:45]} 29. Bh3 {[%clk 0:00:44]} Bc6
{[%clk 0:00:41]} 30. Rdf6 {[%clk 0:01:07]} Rf8 {[%clk 0:00:51]} 31. e6
{[%clk 0:00:56]} dxe6 {[%clk 0:00:57]} 32. Bxe6 {[%clk 0:01:19]} Bxe4
{[%clk 0:00:35]} 33. Rxf7+ {[%clk 0:00:34]} Rxf7 {[%clk 0:00:57]} 34. Bxf7
{[%clk 0:00:59]} Bf5 {[%clk 0:00:32]} 35. Bg8 {[%clk 0:00:53]} h5
{[%clk 0:00:42]} 36. Rb2 {[%clk 0:00:58]} Be6 {[%clk 0:00:37]} 37. Bxe6
{[%clk 0:00:38]} Kxe6 {[%clk 0:01:06]} 38. Kf2 {[%clk 0:00:37]} Kd6
{[%clk 0:00:33]} 39. Ke3 {[%clk 0:00:32]} Kc5 {[%clk 0:00:35]} 40. Kd3
{[%clk 0:30:37]} Nc7 {[%clk 0:30:38]} 41. Rf2 {[%clk 0:29:43]} Ne8
{[%clk 0:22:56]} 42. Rf7 {[%clk 0:22:59]} b5 {[%clk 0:16:15]} 43. cxb5
{[%clk 0:23:17]} axb5 {[%clk 0:16:44]} 44. Re7 {[%clk 0:21:45]} Nf6
{[%clk 0:13:10]} 45. Re5+ {[%clk 0:21:14]} Kb4 {[%clk 0:04:44]} 46. Rg5
{[%clk 0:19:40]} Nd7 {[%clk 0:05:09]} 47. Kd4 {[%clk 0:18:21]} Nf8
{[%clk 0:05:08]} 48. Kd5 {[%clk 0:13:53]} Kc3 {[%clk 0:04:11]} 49. Kd6
{[%clk 0:13:47]} b4 {[%clk 0:04:01]} 50. Ke7 {[%clk 0:13:49]} Nh7
{[%clk 0:04:20]} 51. Rxg6 {[%clk 0:14:12]} b3 {[%clk 0:03:50]} 52. h4
{[%clk 0:14:29]} b2 {[%clk 0:00:47]} 53. Rb6 {[%clk 0:14:55]} Kc2
{[%clk 0:01:10]} 54. Kf7 {[%clk 0:15:20]} b1=Q {[%clk 0:00:59]} 55. Rxb1
{[%clk 0:15:44]} Kxb1 {[%clk 0:01:22]} 56. Kg7 {[%clk 0:16:08]} 1-0

[Event "eytcc"]
[Site "?"]
[Date "2017.08.18"]
[Round "2.12"]
[White "Dedebas, Emre Emin"]
[Black "Zeman, Matyas"]
[Result "1-0"]
[BlackElo "2168"]
[WhiteElo "2273"]
[LiveChessVersion "1.4.4"]

1. d4 d5 {[%clk 1:30:53]} 2. c4 {[%clk 1:31:14]} e6 {[%clk 1:31:19]} 3. Nf3
{[%clk 1:31:32]} Nf6 {[%clk 1:31:42]} 4. g3 {[%clk 1:31:58]} Bb4+
{[%clk 1:32:04]} 5. Bd2 {[%clk 1:32:22]} Bd6 {[%clk 1:32:30]} 6. Nc3
{[%clk 1:30:33]} c6 {[%clk 1:32:37]} 7. Qc2 {[%clk 1:30:54]} O-O {[%clk 1:30:34]}
8. e4 {[%clk 1:31:08]} Nxe4 {[%clk 1:30:39]} 9. Nxe4 {[%clk 1:31:32]} dxe4
{[%clk 1:31:04]} 10. Qxe4 {[%clk 1:31:58]} Nd7 {[%clk 1:27:57]} 11. Bd3
{[%clk 1:32:13]} Nf6 {[%clk 1:27:11]} 12. Qh4 {[%clk 1:13:33]} Re8
{[%clk 1:14:08]} 13. O-O-O {[%clk 1:01:52]} b5 {[%clk 1:04:19]} 14. Bg5
{[%clk 0:46:55]} h6 {[%clk 0:51:19]} 15. Bxf6 {[%clk 0:47:00]} Qxf6
{[%clk 0:51:46]} 16. Qxf6 {[%clk 0:47:23]} gxf6 {[%clk 0:52:11]} 17. Be4
{[%clk 0:36:08]} Bd7 {[%clk 0:40:50]} 18. cxb5 {[%clk 0:33:46]} Rac8
{[%clk 0:41:15]} 19. Bxc6 {[%clk 0:26:25]} Bxc6 {[%clk 0:41:35]} 20. bxc6
{[%clk 0:26:50]} Rxc6+ {[%clk 0:42:02]} 21. Kb1 {[%clk 0:27:13]} Rb8
{[%clk 0:42:03]} 22. Rhe1 {[%clk 0:18:00]} Rcb6 {[%clk 0:35:57]} 23. Re2
{[%clk 0:18:25]} Rb5 {[%clk 0:36:01]} 24. Rd3 {[%clk 0:17:41]} a5
{[%clk 0:34:31]} 25. Rc2 {[%clk 0:17:02]} Kf8 {[%clk 0:34:17]} 26. Nd2
{[%clk 0:15:38]} Ke7 {[%clk 0:33:15]} 27. Nc4 {[%clk 0:14:02]} f5
{[%clk 0:32:09]} 28. f4 {[%clk 0:14:09]} R8b7 {[%clk 0:31:35]} 29. a4
{[%clk 0:13:31]} Rb3 {[%clk 0:30:19]} 30. Rxb3 {[%clk 0:13:51]} Rxb3
{[%clk 0:30:45]} 31. Nxa5 {[%clk 0:14:15]} Rd3 {[%clk 0:31:01]} 32. Nc6+
{[%clk 0:14:19]} Kd7 {[%clk 0:30:28]} 33. Ka2 {[%clk 0:14:33]} Bc7
{[%clk 0:29:10]} 34. Ne5+ {[%clk 0:13:24]} Bxe5 {[%clk 0:29:35]} 35. dxe5
{[%clk 0:13:53]} 1-0

[Event "eytcc"]
[Site "?"]
[Date "2017.08.18"]
[Round "2.13"]
[White "Kollars, Dmitrij"]
[Black "Rudecki, Bartosz"]
[Result "1-0"]
[BlackElo "1884"]
[WhiteElo "2514"]
[LiveChessVersion "1.4.4"]

1. e4 {[%clk 1:30:56]} e5 {[%clk 1:30:35]} 2. Nf3 {[%clk 1:31:17]} Nc6
{[%clk 1:30:40]} 3. Bc4 {[%clk 1:31:27]} Bc5 {[%clk 1:29:33]} 4. c3
{[%clk 1:31:32]} Nf6 {[%clk 1:29:02]} 5. d3 {[%clk 1:31:50]} d6 {[%clk 1:28:33]}
6. O-O {[%clk 1:31:34]} h6 {[%clk 1:27:41]} 7. Nbd2 {[%clk 1:30:17]} O-O
{[%clk 1:27:42]} 8. Re1 {[%clk 1:27:14]} a6 {[%clk 1:25:49]} 9. Bb3
{[%clk 1:27:25]} Be6 {[%clk 1:25:16]} 10. Bxe6 {[%clk 1:21:36]} fxe6
{[%clk 1:25:10]} 11. Nf1 {[%clk 1:21:43]} Qd7 {[%clk 1:22:19]} 12. b4
{[%clk 1:17:40]} Bb6 {[%clk 1:19:12]} 13. Be3 {[%clk 1:15:19]} Bxe3
{[%clk 1:16:20]} 14. Nxe3 {[%clk 1:14:32]} Qf7 {[%clk 1:11:03]} 15. a4
{[%clk 1:09:00]} a5 {[%clk 1:07:42]} 16. b5 {[%clk 1:07:26]} Nb8 {[%clk 1:06:43]}
17. Nc4 {[%clk 1:03:33]} Nbd7 {[%clk 1:06:09]} 18. d4 {[%clk 1:00:24]} exd4
{[%clk 1:02:53]} 19. cxd4 {[%clk 1:00:05]} e5 {[%clk 0:57:44]} 20. dxe5
{[%clk 0:56:14]} Qxc4 {[%clk 0:55:59]} 21. exf6 {[%clk 0:56:16]} Nxf6
{[%clk 0:51:46]} 22. Rc1 {[%clk 0:56:30]} Qf7 {[%clk 0:49:32]} 23. b6
{[%clk 0:53:49]} Rac8 {[%clk 0:44:27]} 24. e5 {[%clk 0:52:09]} dxe5
{[%clk 0:43:19]} 25. Nxe5 {[%clk 0:51:58]} Qd5 {[%clk 0:42:02]} 26. Ng6
{[%clk 0:46:45]} Qxd1 {[%clk 0:37:18]} 27. Rcxd1 {[%clk 0:46:39]} cxb6
{[%clk 0:36:20]} 28. Nxf8 {[%clk 0:46:28]} Kxf8 {[%clk 0:36:25]} 29. Rd6
{[%clk 0:45:12]} Rc4 {[%clk 0:34:25]} 30. Rxb6 {[%clk 0:45:19]} Rxa4
{[%clk 0:34:46]} 31. Rxb7 {[%clk 0:45:32]} Ra2 {[%clk 0:30:55]} 32. h3
{[%clk 0:44:16]} a4 {[%clk 0:30:18]} 33. Rc1 {[%clk 0:42:59]} Kg8
{[%clk 0:26:40]} 34. Rcc7 {[%clk 0:42:31]} a3 {[%clk 0:25:34]} 35. Rxg7+
{[%clk 0:42:33]} Kh8 {[%clk 0:25:17]} 36. Rgc7 {[%clk 0:42:31]} Re2
{[%clk 0:24:41]} 37. Rc8+ {[%clk 0:42:46]} Ng8 {[%clk 0:24:36]} 38. Ra7
{[%clk 0:42:55]} 1-0

[Event "eytcc"]
[Site "?"]
[Date "2017.08.18"]
[Round "2.14"]
[White "Swider, Pawel"]
[Black "Keymer, Vincent"]
[Result "1-0"]
[BlackElo "2432"]
[WhiteElo "1918"]
[LiveChessVersion "1.4.4"]

1. d4 {[%clk 1:30:58]} Nf6 {[%clk 1:30:55]} 2. Nf3 {[%clk 1:31:21]} d5
{[%clk 1:30:12]} 3. c4 {[%clk 1:30:48]} e6 {[%clk 1:30:38]} 4. Nc3
{[%clk 1:30:57]} Be7 {[%clk 1:30:59]} 5. e3 {[%clk 1:30:30]} O-O {[%clk 1:31:16]}
6. Bd3 {[%clk 1:30:40]} b6 {[%clk 1:29:40]} 7. O-O {[%clk 1:30:32]} Bb7
{[%clk 1:29:51]} 8. b3 {[%clk 1:29:48]} Nbd7 {[%clk 1:29:38]} 9. Bb2
{[%clk 1:29:00]} c5 {[%clk 1:29:04]} 10. cxd5 {[%clk 1:28:01]} exd5
{[%clk 1:29:17]} 11. Qe2 {[%clk 1:27:02]} Rc8 {[%clk 1:26:23]} 12. Rac1
{[%clk 1:24:29]} Ne4 {[%clk 1:24:55]} 13. Ba6 {[%clk 1:21:37]} Qc7
{[%clk 1:22:34]} 14. Bxb7 {[%clk 1:17:15]} Qxb7 {[%clk 1:22:59]} 15. dxc5
{[%clk 1:15:41]} Ndxc5 {[%clk 1:22:57]} 16. Rfd1 {[%clk 1:14:20]} Rfd8
{[%clk 1:22:45]} 17. Nb5 {[%clk 1:01:49]} a6 {[%clk 1:13:57]} 18. Nbd4
{[%clk 1:01:59]} g6 {[%clk 1:14:21]} 19. Rc2 {[%clk 1:00:10]} Rc7
{[%clk 1:12:16]} 20. Rdc1 {[%clk 0:59:27]} Rdc8 {[%clk 1:12:23]} 21. Qd1
{[%clk 0:52:26]} b5 {[%clk 1:09:17]} 22. Ne2 {[%clk 0:47:59]} Bd6
{[%clk 0:54:00]} 23. Nc3 {[%clk 0:38:35]} Nxc3 {[%clk 0:50:06]} 24. Bxc3
{[%clk 0:38:05]} Ne4 {[%clk 0:47:01]} 25. Bb2 {[%clk 0:36:43]} b4
{[%clk 0:44:58]} 26. Qd4 {[%clk 0:33:15]} f6 {[%clk 0:45:06]} 27. Qd3
{[%clk 0:27:42]} Kg7 {[%clk 0:39:29]} 28. h3 {[%clk 0:23:19]} h5 {[%clk 0:29:05]}
29. Nd4 {[%clk 0:21:09]} Rxc2 {[%clk 0:25:21]} 30. Rxc2 {[%clk 0:21:34]} Kf7
{[%clk 0:24:43]} 31. Ne2 {[%clk 0:19:24]} Rxc2 {[%clk 0:21:10]} 32. Qxc2
{[%clk 0:19:48]} Qc7 {[%clk 0:21:36]} 33. Qxc7+ {[%clk 0:17:24]} Bxc7
{[%clk 0:19:25]} 34. Bd4 {[%clk 0:15:15]} Be5 {[%clk 0:16:21]} 35. Kf1
{[%clk 0:14:13]} Bxd4 {[%clk 0:15:39]} 36. exd4 {[%clk 0:14:16]} g5
{[%clk 0:14:23]} 37. f3 {[%clk 0:12:36]} Nd6 {[%clk 0:14:24]} 38. Kf2
{[%clk 0:11:19]} h4 {[%clk 0:13:35]} 39. Ke3 {[%clk 0:10:41]} Ke6
{[%clk 0:12:49]} 40. Nc1 {[%clk 0:37:37]} a5 {[%clk 0:41:26]} 41. Ne2
{[%clk 0:37:33]} Nb5 {[%clk 0:39:48]} 42. Kd3 {[%clk 0:37:38]} Nd6
{[%clk 0:39:03]} 43. Ke3 {[%clk 0:37:50]} Ne8 {[%clk 0:39:12]} 44. Kd3
{[%clk 0:37:14]} Ng7 {[%clk 0:39:38]} 45. Kd2 {[%clk 0:37:05]} f5
{[%clk 0:37:07]} 46. f4 {[%clk 0:28:12]} Kf6 {[%clk 0:36:33]} 47. Ke3
{[%clk 0:27:13]} Ne6 {[%clk 0:36:35]} 48. fxg5+ {[%clk 0:25:36]} Kxg5
{[%clk 0:36:59]} 49. Ng1 {[%clk 0:25:40]} f4+ {[%clk 0:34:00]} 50. Kd3
{[%clk 0:25:26]} Ng7 {[%clk 0:32:20]} 51. Nf3+ {[%clk 0:24:48]} Kh5
{[%clk 0:32:45]} 52. Ke2 {[%clk 0:23:35]} Nf5 {[%clk 0:33:04]} 53. Kf2
{[%clk 0:22:14]} Kh6 {[%clk 0:31:46]} 54. Ke2 {[%clk 0:21:09]} Kg7
{[%clk 0:29:03]} 55. Kd3 {[%clk 0:21:02]} Kf6 {[%clk 0:28:16]} 56. Kd2
{[%clk 0:21:07]} Ne3 {[%clk 0:19:45]} 57. Nxh4 {[%clk 0:18:33]} Kg5
{[%clk 0:20:07]} 58. Nf3+ {[%clk 0:18:39]} Kf5 {[%clk 0:20:31]} 59. g4+
{[%clk 0:17:30]} Ke4 {[%clk 0:19:36]} 60. Ke2 {[%clk 0:15:43]} Nc2
{[%clk 0:17:02]} 61. g5 {[%clk 0:13:01]} Kf5 {[%clk 0:16:22]} 62. h4
{[%clk 0:12:26]} Kg6 {[%clk 0:16:03]} 63. Ne5+ {[%clk 0:10:03]} Kh5
{[%clk 0:15:43]} 64. Nc6 {[%clk 0:09:46]} Ne3 {[%clk 0:15:06]} 65. Kf3
{[%clk 0:09:48]} Nf5 {[%clk 0:15:07]} 66. Kxf4 {[%clk 0:09:58]} Nxh4
{[%clk 0:15:16]} 67. Ke5 {[%clk 0:10:10]} Kxg5 {[%clk 0:15:17]} 68. Kxd5
{[%clk 0:10:34]} Nf5 {[%clk 0:14:45]} 69. Nxa5 {[%clk 0:10:46]} Kf6
{[%clk 0:15:03]} 70. Nc6 {[%clk 0:10:56]} Ne3+ {[%clk 0:15:00]} 71. Kc5
{[%clk 0:11:17]} Ke6 {[%clk 0:15:03]} 72. Nxb4 {[%clk 0:11:38]} Nf1
{[%clk 0:15:25]} 73. d5+ {[%clk 0:11:48]} Kd7 {[%clk 0:15:49]} 74. Nd3
{[%clk 0:11:57]} Nd2 {[%clk 0:16:04]} 75. Ne5+ {[%clk 0:12:11]} Ke7
{[%clk 0:16:04]} 76. d6+ {[%clk 0:12:35]} Ke6 {[%clk 0:16:30]} 77. d7
{[%clk 0:12:32]} 1-0

[Event "eytcc"]
[Site "?"]
[Date "2017.08.18"]
[Round "2.15"]
[White "Sawlin, Leonid"]
[Black "Gazda, Dominik"]
[Result "1-0"]
[BlackElo "1438"]
[WhiteElo "2331"]
[LiveChessVersion "1.4.4"]

1. e4 {[%clk 1:30:57]} e5 {[%clk 1:30:52]} 2. Nf3 {[%clk 1:31:20]} Nf6
{[%clk 1:31:01]} 3. d4 {[%clk 1:29:29]} exd4 {[%clk 1:25:56]} 4. e5
{[%clk 1:29:48]} Nd5 {[%clk 1:26:02]} 5. Qxd4 {[%clk 1:29:57]} Nb6
{[%clk 1:24:42]} 6. Bd3 {[%clk 1:29:04]} Nc6 {[%clk 1:23:46]} 7. Qe4
{[%clk 1:28:57]} Qe7 {[%clk 1:20:45]} 8. Nc3 {[%clk 1:27:53]} d6 {[%clk 1:16:30]}
9. Bg5 {[%clk 1:23:11]} Qe6 {[%clk 1:11:24]} 10. Nb5 {[%clk 1:23:34]} Kd7
{[%clk 0:50:58]} 11. O-O-O {[%clk 1:22:22]} a6 {[%clk 0:46:19]} 12. Nbd4
{[%clk 1:22:35]} Nxd4 {[%clk 0:38:17]} 13. Nxd4 {[%clk 1:22:43]} Qxa2
{[%clk 0:36:23]} 14. c4 {[%clk 1:22:04]} Nxc4 {[%clk 0:35:21]} 15. e6+
{[%clk 1:22:27]} Ke8 {[%clk 0:34:37]} 16. exf7+ {[%clk 1:22:49]} 1-0

[Event "eytcc"]
[Site "?"]
[Date "2017.08.18"]
[Round "2.16"]
[White "Winter, Anna"]
[Black "Lagunow, Raphael"]
[Result "0-1"]
[BlackElo "2358"]
[WhiteElo "1561"]
[LiveChessVersion "1.4.4"]

1. e4 {[%clk 1:30:57]} c5 {[%clk 1:30:54]} 2. Nf3 {[%clk 1:31:18]} Nc6
{[%clk 1:31:17]} 3. Bb5 {[%clk 1:31:24]} e6 {[%clk 1:31:03]} 4. Bxc6
{[%clk 1:29:47]} bxc6 {[%clk 1:31:26]} 5. d3 {[%clk 1:27:56]} Ne7
{[%clk 1:29:11]} 6. O-O {[%clk 1:26:03]} Ng6 {[%clk 1:28:49]} 7. Re1
{[%clk 1:22:00]} e5 {[%clk 1:23:34]} 8. Nbd2 {[%clk 1:17:50]} d6 {[%clk 1:20:56]}
9. h3 {[%clk 1:11:57]} Be7 {[%clk 1:19:28]} 10. Nc4 {[%clk 1:02:55]} O-O
{[%clk 1:18:29]} 11. Bd2 {[%clk 0:59:25]} f5 {[%clk 1:13:59]} 12. exf5
{[%clk 0:49:23]} Bxf5 {[%clk 1:13:47]} 13. Qe2 {[%clk 0:40:16]} h6
{[%clk 1:08:04]} 14. Rab1 {[%clk 0:35:29]} Qc7 {[%clk 1:03:21]} 15. Nh2
{[%clk 0:31:33]} Be6 {[%clk 0:51:07]} 16. b3 {[%clk 0:29:32]} Qd7
{[%clk 0:48:19]} 17. Qh5 {[%clk 0:26:53]} Qe8 {[%clk 0:43:32]} 18. Rf1
{[%clk 0:21:36]} Rf5 {[%clk 0:38:24]} 19. Qe2 {[%clk 0:17:47]} Qf7
{[%clk 0:35:35]} 20. Ng4 {[%clk 0:15:26]} h5 {[%clk 0:34:43]} 21. Nh2
{[%clk 0:15:19]} Rd8 {[%clk 0:34:15]} 22. Rbe1 {[%clk 0:14:12]} Bg5
{[%clk 0:31:33]} 23. Ba5 {[%clk 0:11:32]} Nf4 {[%clk 0:30:20]} 24. Qd1
{[%clk 0:11:18]} Rd7 {[%clk 0:30:23]} 25. Bd2 {[%clk 0:10:41]} Qg6
{[%clk 0:29:58]} 26. Kh1 {[%clk 0:10:37]} Nxg2 {[%clk 0:29:14]} 27. Ne3
{[%clk 0:09:38]} Bxe3 {[%clk 0:27:44]} 28. Bxe3 {[%clk 0:09:23]} Nxe1
{[%clk 0:27:14]} 29. Qxe1 {[%clk 0:09:38]} Bd5+ {[%clk 0:26:08]} 30. f3
{[%clk 0:09:56]} Rdf7 {[%clk 0:26:06]} 31. Qe2 {[%clk 0:09:49]} Qg3
{[%clk 0:25:37]} 0-1

[Event "eytcc"]
[Site "?"]
[Date "2017.08.18"]
[Round "2.17"]
[White "Morozov, Nichita"]
[Black "Zajic, Milan"]
[Result "1/2-1/2"]
[BlackElo "2499"]
[WhiteElo "2458"]
[LiveChessVersion "1.4.4"]

1. Nf3 {[%clk 1:30:58]} Nf6 {[%clk 1:30:20]} 2. g3 {[%clk 1:31:23]} d5
{[%clk 1:29:12]} 3. Bg2 {[%clk 1:31:49]} c6 {[%clk 1:28:51]} 4. O-O
{[%clk 1:32:10]} Bg4 {[%clk 1:28:49]} 5. h3 {[%clk 1:31:12]} Bh5 {[%clk 1:28:15]}
6. d3 {[%clk 1:28:28]} Nbd7 {[%clk 1:28:37]} 7. c4 {[%clk 1:28:55]} dxc4
{[%clk 1:21:52]} 8. dxc4 {[%clk 1:29:19]} e5 {[%clk 1:21:11]} 9. Nc3
{[%clk 1:28:59]} Be7 {[%clk 1:17:16]} 10. Nh4 {[%clk 1:24:03]} O-O
{[%clk 1:15:30]} 11. Be3 {[%clk 1:22:36]} Bc5 {[%clk 1:07:31]} 12. Qc1
{[%clk 1:20:38]} Qc7 {[%clk 0:56:24]} 13. Rd1 {[%clk 1:16:25]} Bb4
{[%clk 0:46:53]} 14. Kf1 {[%clk 1:09:35]} Bg6 {[%clk 0:37:41]} 15. Nxg6
{[%clk 1:08:31]} hxg6 {[%clk 0:38:00]} 16. a3 {[%clk 1:08:27]} Bc5
{[%clk 0:34:26]} 17. b4 {[%clk 1:06:53]} Bxe3 {[%clk 0:32:03]} 18. Qxe3
{[%clk 1:07:20]} Nb6 {[%clk 0:23:20]} 19. c5 {[%clk 1:05:02]} Nc4
{[%clk 0:19:34]} 20. Qc1 {[%clk 1:04:08]} Rad8 {[%clk 0:18:14]} 21. Rd3
{[%clk 1:04:11]} Qe7 {[%clk 0:14:42]} 22. Nb1 {[%clk 0:58:30]} e4
{[%clk 0:13:12]} 23. Rc3 {[%clk 0:57:59]} Ne5 {[%clk 0:04:34]} 24. Re3
{[%clk 0:52:48]} Nc4 {[%clk 0:04:31]} 25. Rc3 {[%clk 0:53:16]} Ne5
{[%clk 0:04:56]} 26. Re3 {[%clk 0:53:45]} Qd7 {[%clk 0:02:45]} 27. Ke1
{[%clk 0:53:37]} Rfe8 {[%clk 0:00:56]} 28. Ra2 {[%clk 0:51:13]} Qf5
{[%clk 0:00:45]} 29. Rb2 {[%clk 0:30:08]} Neg4 {[%clk 0:00:42]} 30. hxg4
{[%clk 0:30:36]} Nxg4 {[%clk 0:01:11]} 31. f4 {[%clk 0:31:00]} Qh5
{[%clk 0:00:36]} 32. Nc3 {[%clk 0:29:21]} Qh2 {[%clk 0:00:39]} 33. Kf1
{[%clk 0:29:50]} f5 {[%clk 0:00:39]} 34. Rb3 {[%clk 0:30:19]} Rd4
{[%clk 0:00:36]} 35. Nd1 {[%clk 0:28:28]} Red8 {[%clk 0:00:44]} 36. Nf2 Nxf2 37.
Kxf2 Rd1 1/2-1/2

[Event "eytcc"]
[Site "?"]
[Date "2017.08.18"]
[Round "2.18"]
[White "Djordjevic, Vuk"]
[Black "Macovei, Andrei"]
[Result "0-1"]
[BlackElo "2370"]
[WhiteElo "2337"]
[LiveChessVersion "1.4.4"]

1. d4 {[%clk 1:30:51]} Nf6 {[%clk 1:30:56]} 2. Bg5 {[%clk 1:31:07]} d5
{[%clk 1:31:23]} 3. Bxf6 {[%clk 1:31:25]} gxf6 {[%clk 1:31:33]} 4. e3
{[%clk 1:28:30]} c5 {[%clk 1:31:42]} 5. c4 {[%clk 1:28:26]} dxc4 {[%clk 1:29:49]}
6. Bxc4 {[%clk 1:28:24]} cxd4 {[%clk 1:30:13]} 7. exd4 {[%clk 1:28:07]} Bg7
{[%clk 1:29:54]} 8. Nc3 {[%clk 1:28:15]} O-O {[%clk 1:29:09]} 9. Nge2
{[%clk 1:28:35]} Nc6 {[%clk 1:27:28]} 10. Qd2 {[%clk 1:28:25]} f5
{[%clk 1:25:04]} 11. Rd1 {[%clk 1:27:12]} Qd6 {[%clk 1:21:59]} 12. O-O
{[%clk 1:16:28]} a6 {[%clk 1:13:50]} 13. Qg5 {[%clk 1:11:32]} Qg6
{[%clk 1:01:47]} 14. Qf4 {[%clk 0:56:35]} Rd8 {[%clk 0:53:15]} 15. Rd3
{[%clk 0:46:35]} Qh6 {[%clk 0:48:27]} 16. Qg3 {[%clk 0:35:34]} Rd6
{[%clk 0:43:34]} 17. a4 {[%clk 0:25:28]} Bd7 {[%clk 0:41:58]} 18. Re3
{[%clk 0:20:12]} Qg6 {[%clk 0:21:57]} 19. Rd1 {[%clk 0:06:15]} Qxg3
{[%clk 0:21:17]} 20. hxg3 {[%clk 0:04:44]} Kf8 {[%clk 0:21:32]} 21. d5
{[%clk 0:04:17]} Ne5 {[%clk 0:20:49]} 22. Bb3 {[%clk 0:04:17]} Rc8
{[%clk 0:19:47]} 23. Nf4 {[%clk 0:01:58]} Rb6 {[%clk 0:12:46]} 24. Nb1
{[%clk 0:00:40]} Ng4 {[%clk 0:11:48]} 25. Red3 {[%clk 0:00:38]} Rxb3
{[%clk 0:12:02]} 26. Rxb3 {[%clk 0:00:55]} Bxa4 {[%clk 0:12:31]} 27. Nd2
{[%clk 0:00:36]} Bxb3 {[%clk 0:09:21]} 28. Nxb3 {[%clk 0:01:06]} Bxb2
{[%clk 0:09:15]} 29. Nd3 {[%clk 0:00:54]} Rc2 {[%clk 0:07:12]} 30. Na5
{[%clk 0:00:44]} Bd4 {[%clk 0:07:17]} 31. Nxb7 {[%clk 0:00:44]} Nxf2
{[%clk 0:06:53]} 32. Nxf2 {[%clk 0:00:56]} Bxf2+ {[%clk 0:07:22]} 33. Kh2
{[%clk 0:00:41]} Rb2 {[%clk 0:06:46]} 34. Na5 {[%clk 0:01:01]} Rb5
{[%clk 0:06:54]} 35. Nc4 {[%clk 0:01:22]} Rb3 {[%clk 0:07:08]} 36. Kh3
{[%clk 0:00:33]} Rxg3+ {[%clk 0:07:25]} 0-1

[Event "eytcc"]
[Site "?"]
[Date "2017.08.18"]
[Round "2.19"]
[White "Schitco, Ivan"]
[Black "Radovanovic, Mihajlo"]
[Result "0-1"]
[BlackElo "2357"]
[WhiteElo "2315"]
[LiveChessVersion "1.4.4"]

1. d4 {[%clk 1:30:57]} d6 {[%clk 1:30:35]} 2. e4 {[%clk 1:31:12]} g6
{[%clk 1:27:50]} 3. Nf3 {[%clk 1:30:53]} Bg7 {[%clk 1:27:58]} 4. c3
{[%clk 1:30:43]} Nf6 {[%clk 1:26:55]} 5. Bd3 {[%clk 1:30:18]} O-O
{[%clk 1:25:09]} 6. O-O {[%clk 1:29:45]} Nc6 {[%clk 1:17:18]} 7. Re1
{[%clk 1:28:35]} e5 {[%clk 1:17:04]} 8. h3 {[%clk 1:25:51]} Re8 {[%clk 1:08:02]}
9. Nbd2 {[%clk 1:10:56]} Nh5 {[%clk 1:00:07]} 10. Nb3 {[%clk 1:07:06]} h6
{[%clk 0:52:03]} 11. Be3 {[%clk 0:58:58]} Nf4 {[%clk 0:47:29]} 12. Bxf4
{[%clk 0:59:10]} exf4 {[%clk 0:47:52]} 13. Nbd2 {[%clk 0:54:42]} h5
{[%clk 0:40:04]} 14. Nc4 {[%clk 0:45:03]} Bd7 {[%clk 0:34:36]} 15. a4
{[%clk 0:39:38]} a5 {[%clk 0:32:11]} 16. Na3 {[%clk 0:27:55]} Bf6
{[%clk 0:27:43]} 17. Nb5 {[%clk 0:24:28]} Qc8 {[%clk 0:27:38]} 18. Qb3
{[%clk 0:23:06]} Kg7 {[%clk 0:20:25]} 19. Bc4 {[%clk 0:19:30]} Re7
{[%clk 0:19:11]} 20. Bd5 {[%clk 0:12:51]} Kf8 {[%clk 0:15:47]} 21. Qa3
{[%clk 0:08:52]} Kg8 {[%clk 0:10:23]} 22. Kh2 {[%clk 0:05:09]} Qd8
{[%clk 0:06:59]} 23. Rad1 {[%clk 0:05:08]} Bg7 {[%clk 0:04:55]} 24. Qb3
{[%clk 0:04:41]} Qc8 {[%clk 0:04:37]} 25. Rd2 {[%clk 0:02:10]} Ra6
{[%clk 0:03:42]} 26. Rde2 {[%clk 0:02:08]} Rb6 {[%clk 0:03:39]} 27. Nxd6
{[%clk 0:02:03]} Qf8 {[%clk 0:03:30]} 28. Nb5 {[%clk 0:01:38]} Na7
{[%clk 0:02:29]} 29. c4 {[%clk 0:01:29]} Nxb5 {[%clk 0:01:14]} 30. cxb5
{[%clk 0:01:47]} c6 {[%clk 0:01:37]} 31. Bc4 {[%clk 0:01:44]} cxb5
{[%clk 0:02:06]} 32. axb5 {[%clk 0:02:04]} Qe8 {[%clk 0:01:17]} 33. Qa3
{[%clk 0:01:28]} Bxb5 {[%clk 0:00:51]} 34. Qxa5 {[%clk 0:01:42]} Bxc4
{[%clk 0:01:10]} 35. Qxb6 {[%clk 0:02:07]} Bxe2 {[%clk 0:01:27]} 36. Rxe2
{[%clk 0:02:36]} Rxe4 {[%clk 0:01:50]} 37. Rxe4 {[%clk 0:02:38]} Qxe4
{[%clk 0:02:18]} 38. Qd8+ {[%clk 0:02:55]} Bf8 {[%clk 0:02:39]} 39. Ne5
{[%clk 0:02:35]} f3 {[%clk 0:00:58]} 40. gxf3 {[%clk 0:31:08]} Qf4+
{[%clk 0:30:50]} 41. Kg2 {[%clk 0:30:16]} Kg7 {[%clk 0:27:14]} 42. h4
{[%clk 0:22:30]} b5 {[%clk 0:19:55]} 43. b3 {[%clk 0:10:34]} Ba3 {[%clk 0:13:47]}
44. Nc6 {[%clk 0:05:02]} Bd6 {[%clk 0:11:18]} 45. Qg5 {[%clk 0:03:25]} Qh2+
{[%clk 0:04:04]} 46. Kf1 {[%clk 0:03:54]} Qh3+ {[%clk 0:03:43]} 47. Ke2
{[%clk 0:02:26]} Qe6+ {[%clk 0:04:07]} 48. Ne5 {[%clk 0:01:34]} Qxb3
{[%clk 0:03:07]} 49. f4 {[%clk 0:01:26]} Qc2+ {[%clk 0:02:37]} 50. Ke3
{[%clk 0:01:27]} f6 {[%clk 0:01:53]} 51. Qg2 {[%clk 0:01:46]} Qc1+
{[%clk 0:01:33]} 52. Kd3 {[%clk 0:01:47]} fxe5 {[%clk 0:01:32]} 53. fxe5
{[%clk 0:02:16]} Qc4+ {[%clk 0:01:25]} 54. Ke3 {[%clk 0:02:40]} Qc3+
{[%clk 0:01:46]} 55. Ke2 {[%clk 0:03:04]} Qc4+ {[%clk 0:01:42]} 56. Ke3
{[%clk 0:03:33]} Ba3 {[%clk 0:01:27]} 57. Qb7+ {[%clk 0:03:50]} Kh6
{[%clk 0:01:49]} 58. Qa8 {[%clk 0:03:16]} Bc1+ {[%clk 0:01:36]} 59. Kf3
{[%clk 0:03:38]} Kg7 {[%clk 0:01:23]} 60. Kg2 {[%clk 0:03:57]} Qxd4
{[%clk 0:00:58]} 61. Qb7+ {[%clk 0:04:12]} Kh6 {[%clk 0:01:19]} 0-1